Doña flor y sus dos maridos /

Guardado en:
Autor Principal: Amado, Jorge
Formato: Libro
Publicado: Barcelona : Rba Editores, 1993
Series:Narrativa actual, no. 5
Materias:
Etiquetas: Agregar Etiqueta
Sin Etiquetas, Sea el primero en etiquetar este registro!
LEADER 00676nam a22002175a 4500
001 CEM.cems012189
005 20060814160234.0
008 130507s1993##################000#0#####d
003 CEMS
020 |a 8447301729 
082 0 4 |a B869.24 
100 1 |a Amado, Jorge 
245 1 0 |a Doña flor y sus dos maridos /  |c Jorge Amado 
260 |a Barcelona :  |b Rba Editores,  |c 1993 
300 |a 460 p. 
490 0 |a Narrativa actual, no. 5 
653 |a Literatura 
653 |a Literatura hispanoamericana 
653 |a Literatura brasileña-siglo 20 
859 |a CEMS  |b BIB. CEMS - 11 de abril  |h B869.24  |i Am12  |p 23421.06  |t Ej.1 
859 |a CEMS  |b BIB. CEMS - 11 de abril  |h B869.24  |i Am12  |p 27923.19  |t Ej.2